| 000 | 00986nam a22002537a 4500 | ||
|---|---|---|---|
| 999 |
_c63680 _d63680 |
||
| 005 | 20240530110653.0 | ||
| 008 | 171217s2016 ua a g 000 0dara d | ||
| 017 |
_a2015/25051 _bمصر. دار الكتب |
||
| 020 | _a9789777950282 | ||
| 040 |
_aEG-CaGPL _cEG-CaGPL |
||
| 082 | 0 | 4 |
_221 _a370.7\ _bع إ |
| 100 | 0 | _aعلى محمود شعيب | |
| 245 | 1 | 2 |
_aالاحصاء فى البحوث التربوية و النفسية و الاجتماعية / _cعلى محمود شعيب ، هبة الله على محمود شعيب |
| 250 | _aط.1 | ||
| 260 |
_aالقاهرة : _bالدار المصرية اللبنانية ، _c2016 . |
||
| 300 |
_a302 ص. ؛ _c24 سم. |
||
| 650 | 0 | 7 |
_2qrmak _aالاحصاء |
| 650 | 0 | 7 |
_2qrmak _aالبحوث الاجتماعية |
| 650 | 0 | 7 |
_2qrmak _aالقياس |
| 651 | _2qrmak | ||
| 700 | 0 |
_aهبة الله على محمود شعيب _eمؤلف مشارك |
|
| 942 |
_2ddc _cBK |
||